IFM Opac

Microeconomics with Calculus (Record no. 22167)

MARC details
000 -LEADER
fixed length control field 00306nam a22001337a 4500
020 ## - INTERNATIONAL STANDARD BOOK NUMBER
ISBN 978-0-273-78998-7
082 ## - DEWEY DECIMAL CLASSIFICATION NUMBER
Classification number 338.5
100 ## - MAIN ENTRY--AUTHOR NAME
Personal name Perloff, Jeffrey M.
245 ## - TITLE STATEMENT
Title Microeconomics with Calculus
250 ## - EDITION STATEMENT
Edition statement 3rd
260 ## - PUBLICATION, DISTRIBUTION, ETC. (IMPRINT)
Place of publication Harlow::
Name of publisher Pearson,
Year of publication 2014
300 ## - PHYSICAL DESCRIPTION
Number of Pages 800p.: ill.; 25cm
942 ## - ADDED ENTRY ELEMENTS (KOHA)
Koha item type Books
Holdings
Withdrawn status Lost status Damaged status Not for loan Collection code Permanent Location Current Location Shelving location Date acquired Source of acquisition Full call number Accession Number Price effective from Koha item type
        Non-fiction IFM Main Campus Library IFM Main Campus Library Work Room processing 01/15/2026 Purchased 338.5 PER 0000030929 01/15/2026 Books
        Non-fiction IFM Main Campus Library IFM Main Campus Library Work Room processing 01/15/2026 Purchased 338.5 PER 0000030928 01/15/2026 Books
        Non-fiction IFM Main Campus Library IFM Main Campus Library Work Room processing 01/15/2026 Purchased 338.5 PER 0000030927 01/15/2026 Books
        Non-fiction IFM Main Campus Library IFM Main Campus Library Work Room processing 01/15/2026 Purchased 338.5 PER 0000030926 01/15/2026 Books